El anticristo

Enregistré dans:
Détails bibliographiques
Format: Livre
Langue:espagnol
Publié: Madrid Alianza Editorial 1974
Édition:1a. ed
Collection:Humanidades, 507
Sujets:
Tags: Ajouter un tag
Pas de tags, Soyez le premier à ajouter un tag!

MARC

LEADER 00000cam a2200000 a 4500
001 UCE8208
003 CL-VaPUC
008 150728e19740000sp |||||||||||||||||spa|d
020 |a 8420615072 
082 0 4 |a 193  |b NIE  |2 21 
245 1 3 |a El anticristo 
250 |a 1a. ed 
300 |a 155 p 
942 |c BK 
945 |d 20150728 02:04:00  |a gsalatino 
260 |a Madrid  |b Alianza Editorial  |c 1974 
650 0 |a Cristianismo  |9 257361 
650 0 |a Filosofía alemana   |9 265002 
650 0 |a Anticristo  |9 317498 
583 |a last modification  |c 20171207 01:25:45  |k Rodrigo Vera 
490 0 |a Humanidades, 507 
999 |c 360147  |d 360145 
952 |0 0  |1 0  |3 erb  |4 0  |6 193_000000000000000_NIE_1974  |7 0  |8 A  |9 469791  |a BIBEDU  |b BIBEDU  |e Villagrán Garnham, Jorge  |i 5187265  |o 193 NIE 1974  |p 5187265  |r 2019-11-23  |w 2019-11-23  |y BK  |z Catalogado en:20150728  |k FIL